International Society for Photogrammetry and Remote Sensing (Record no. 119690)

MARC details
000 -LEADER
fixed length control field 00726cam a2200181 4500
001 - CONTROL NUMBER
control field WS108713
008 - FIXED-LENGTH DATA ELEMENTS--GENERAL INFORMATION
fixed length control field 000000n 000 0 eng u
035 ## - SYSTEM CONTROL NUMBER
System control number (Sirsi) u108713
110 ## - MAIN ENTRY--CORPORATE NAME
Corporate name or jurisdiction name as entry element International Society for Photogrammetry and Remote Sensing
9 (RLIN) 2623
245 ## - TITLE STATEMENT
Title International Society for Photogrammetry and Remote Sensing
520 ## - SUMMARY, ETC.
Summary, etc. Site for this international organisation outlining its aims, objectives and publications. Includes a link to the 'Journal of Photogrammetry and Remote Sensing'.
650 ## - SUBJECT ADDED ENTRY--TOPICAL TERM
Topical term or geographic name entry element PHOTOGRAMMETRY
650 ## - SUBJECT ADDED ENTRY--TOPICAL TERM
Topical term or geographic name entry element REMOTE SENSING
650 ## - SUBJECT ADDED ENTRY--TOPICAL TERM
Topical term or geographic name entry element ORGANISATION
690 ## - LOCAL SUBJECT ADDED ENTRY--TOPICAL TERM (OCLC, RLIN)
Topical term or geographic name as entry element GEOMATICS
9 (RLIN) 6242
856 40 - ELECTRONIC LOCATION AND ACCESS
Uniform Resource Identifier <a href="https://www.isprs.org">https://www.isprs.org</a>
Public note View the website free of charge at www.isprs.org...
942 ## - ADDED ENTRY ELEMENTS (KOHA)
Suppress in OPAC 0
Holdings
Withdrawn status Lost status Source of classification or shelving scheme Damaged status Not for loan Home library Current library Shelving location Date acquired Total Checkouts Full call number Barcode Date last seen Copy number Price effective from Koha item type
    Dewey Decimal Classification     Virtual Virtual Online 10/10/2000   WEB SITE 108713-2001 06/08/2019 1 06/08/2019 Online material